| 000 | 00780nam a2200289Ia 4500 | ||
|---|---|---|---|
| 001 | Z_5039 | ||
| 003 | CHAP | ||
| 008 | 220113s1985 xx 000 0 und d | ||
| 010 | _a168095 | ||
| 020 | _a968-884-008-4 | ||
| 040 | _cCHAP | ||
| 082 | _a861.64 Z35 | ||
| 100 |
_aZaldívar Flores, José Antonio _9123460 |
||
| 245 |
_aEl poema de los siete colores / _cJosé Antonio Zaldívar Flores |
||
| 250 | _a2a ed. | ||
| 260 |
_aMéxico : _bUniversidad Autónoma Chapingo, _c1985 |
||
| 300 | _a50 p. | ||
| 440 |
_aColección Cuadernos Universitarios: serie arte y literatura _925033 |
||
| 503 | _aej.1: - ej.2: Donación | ||
| 650 |
_aPoesía mexicana _990146 |
||
| 901 | _a861.64 Z35 | ||
| 902 | _aM | ||
| 910 | _a1985 | ||
| 942 | _c1 | ||
| 942 | _cc1 | ||
| 999 |
_c168095 _d168095 |
||